[Event "DEM U12 2019"]
[Site "Willingen GER"]
[Date "2019.06.09"]
[Round "2"]
[White "Hagner, Bennet"]
[Black "Meuer, David"]
[Result "1-0"]
[Termination "normal"]
[Board "17"]
[WhiteElo "1900"]
[BlackElo "1549"]
[PlyCount "125"]
[WhiteFideId "16224477"]
[BlackFideId "16262964"]
[EventCountry "GER"]
[EventRounds "9"]
[EventType "swiss"]
[EventDate "2019.06.08"]

1. e4 d5 2. exd5 Qxd5 3. d4 c6 4. Nf3 Bf5 5. c4 Qd8 6. Nc3 Nf6 7. Bd3 Bxd3 8.
Qxd3 e6 9. O-O Be7 10. Bf4 O-O 11. Rad1 Nbd7 12. Rfe1 Nb6 13. Ne5 Nh5 14. Bc1
Bg5 15. Bxg5 Qxg5 16. Ne4 Qe7 17. Qf3 Nf6 18. b3 Nxe4 19. Rxe4 f5 20. Re3 Rad8
21. Qh5 Nd7 22. Nd3 Rf6 23. Nf4 Rh6 24. Qxf5 exf5 25. Rxe7 Kf8 26. Rde1 Rd6 27.
d5 cxd5 28. Nxd5 Nb6 29. Rxb7 Nxd5 30. cxd5 Rxd5 31. Rxa7 Rd1 32. Kf1 R1d5 33.
b4 Rb8 34. a3 Rd3 35. Ree7 Rbd8 36. Rf7+ Kg8 37. Rxg7+ Kf8 38. Rgf7+ Kg8 39.
Rxf5 Rd1+ 40. Ke2 R8d3 41. g3 R3d2+ 42. Kf3 Rd3+ 43. Kg4 Rd4+ 44. f4 h5+ 45.
Rxh5 Rd7 46. Rxd7 Rxd7 47. b5 Ra7 48. b6 Rxa3 49. Rb5 Ra8 50. b7 Rb8 51. f5 Kf7
52. h4 Rg8+ 53. Kf4 Rb8 54. g4 Kg7 55. g5 Kf7 56. h5 Kg7 57. f6+ Kf7 58. Kf5
Kg8 59. g6 Kf8 60. f7 Kg7 61. h6+ Kxh6 62. Kf6 Rg8 63. fxg8=N# 1-0

[Event "DEM U12 2019"]
[Site "Willingen GER"]
[Date "2019.06.09"]
[Round "2"]
[White "Hänselmann, Hendrik"]
[Black "Hoffmann, Kay"]
[Result "0-1"]
[Termination "normal"]
[Board "18"]
[WhiteElo "1819"]
[BlackElo "1433"]
[PlyCount "47"]
[WhiteFideId "16232755"]
[BlackFideId "16227000"]
[EventCountry "GER"]
[EventRounds "9"]
[EventType "swiss"]
[EventDate "2019.06.08"]

1. e4 d5 2. exd5 Qxd5 3. Nc3 Qa5 4. d4 Nf6 5. Nf3 Bg4 6. Bc4 Nc6 7. Bd2 O-O-O
8. Nd5 Qa4 9. Bb3 Qb5 10. Nxf6 gxf6 11. c3 e5 12. dxe5 Nxe5 13. Bc2 Bh6 14.
Bxh6 Rxd1+ 15. Bxd1 Nd3+ 16. Kd2 Nxf2 17. Re1 Qxb2+ 18. Bc2 Rd8+ 19. Ke2 Qxc2+
20. Kf1 Bxf3 21. gxf3 Nh3 22. Be3 Qxh2 23. Bd4 Rxd4 24. cxd4 0-1

[Event "DEM U12 2019"]
[Site "Willingen GER"]
[Date "2019.06.09"]
[Round "2"]
[White "Walter, Alexander"]
[Black "Amato, Cristiano"]
[Result "0-1"]
[Termination "normal"]
[Board "19"]
[WhiteElo "1642"]
[BlackElo "1800"]
[PlyCount "162"]
[WhiteFideId "16227620"]
[BlackFideId "12998460"]
[EventCountry "GER"]
[EventRounds "9"]
[EventType "swiss"]
[EventDate "2019.06.08"]

1. d4 Nf6 2. c4 Nc6 3. Nf3 e6 4. Nc3 Bb4 5. Qc2 d6 6. Bd2 e5 7. dxe5 dxe5 8. e3
O-O 9. Be2 Re8 10. a3 Bf8 11. O-O e4 12. Ne1 a5 13. Rd1 Bf5 14. Nb5 Qc8 15. Bc3
Nd7 16. Qb1 Bg6 17. Nc2 a4 18. Ncd4 Nce5 19. Nc2 Nd3 20. Ne1 N7c5 21. Nxd3 exd3
22. Bf3 d2 23. Qa2 Bd3 24. Rxd2 Bxf1 25. Kxf1 Nb3 26. Rd1 c6 27. Nd4 Nxd4 28.
Bxd4 Qc7 29. Kg1 Bd6 30. h3 Be5 31. Qb1 Bxd4 32. Rxd4 Rad8 33. Qc1 Rxd4 34.
exd4 Qa5 35. Qc2 Qb6 36. d5 cxd5 37. Bxd5 Qd6 38. Qd2 Qe7 39. Qf4 b6 40. Bc6
Rc8 41. Bxa4 Qe2 42. Bb5 Qxb2 43. a4 Qb4 44. Qd4 Qc5 45. Qxc5 Rxc5 46. f3 Re5
47. Kf2 Kf8 48. Bc6 Ke7 49. Bd5 Kd6 50. g4 f6 51. h4 h6 52. h5 Kd7 53. f4 Re7
54. Kg3 Kd6 55. Kh4 Ra7 56. g5 Rxa4 57. gxh6 gxh6 58. Bf7 Kc5 59. Kg4 Rxc4 60.
Bxc4 Kxc4 61. Kf5 b5 62. Kxf6 b4 63. Kg7 b3 64. f5 b2 65. f6 b1=Q 66. f7 Qb7
67. Kh8 Qe7 68. Kg8 Qg5+ 69. Kh8 Qxh5 70. f8=Q Qe5+ 71. Kh7 h5 72. Qf1+ Kd5 73.
Qb5+ Ke6 74. Qe8+ Kf6 75. Qg6+ Ke7 76. Kh6 h4 77. Qg4 h3 78. Kh7 h2 79. Qb4+
Ke8 80. Qa4+ Kf8 81. Qa8+ Qe8 0-1

[Event "DEM U12 2019"]
[Site "Willingen GER"]
[Date "2019.06.09"]
[Round "2"]
[White "Pfeffer, Samuel"]
[Black "Ensslinger, Colin"]
[Result "1/2-1/2"]
[Termination "normal"]
[Board "20"]
[WhiteElo "1333"]
[BlackElo "1690"]
[PlyCount "118"]
[WhiteFideId "16249160"]
[BlackFideId "16226011"]
[EventCountry "GER"]
[EventRounds "9"]
[EventType "swiss"]
[EventDate "2019.06.08"]

1. d4 d5 2. c4 c6 3. Nc3 Nf6 4. Nf3 g6 5. Bf4 Bg7 6. g3 Nbd7 7. Bg2 O-O 8. Qb3
Qb6 9. O-O dxc4 10. Qxc4 Qxb2 11. Bc7 Nd5 12. Nxd5 cxd5 13. Qxd5 Nf6 14. Qc5
Qxe2 15. Rfe1 Qb2 16. Qxe7 Nd5 17. Qd6 Be6 18. Rad1 Nxc7 19. Qxc7 Rac8 20. Qf4
Bd5 21. Ng5 Qxa2 22. Re7 Bxg2 23. Kxg2 Qd5+ 24. Kg1 Bh6 25. Re5 Qb3 26. Qf3 Rc3
27. Qe2 f6 28. Rb5 Qc4 29. Qe6+ Qxe6 30. Nxe6 Re8 31. d5 Kf7 32. Rxb7+ Re7 33.
Nd8+ Ke8 34. Rxe7+ Kxe7 35. Nc6+ Kd6 36. Nxa7 Rc5 37. Nc6 Rxd5 38. Rxd5+ Kxd5
39. Nb4+ Kc4 40. Nc2 Bd2 41. Kf1 Kc3 42. Ne1 g5 43. Ng2 Kd3 44. f3 Ba5 45. f4
g4 46. Nh4 Ke4 47. Kg2 Bd8 48. h3 f5 49. Nxf5 Kxf5 50. hxg4+ Kxg4 51. Kh1 Bb6
52. Kg2 Be3 53. Kh1 Bf2 54. Kg2 Bxg3 55. Kh1 Kxf4 56. Kg2 h6 57. Kh1 Kf3 58.
Kg1 Bf2+ 59. Kh1 Kg3 1/2-1/2

[Event "DEM U12 2019"]
[Site "Willingen GER"]
[Date "2019.06.09"]
[Round "2"]
[White "Fink, Moritz"]
[Black "Phan Trong, Dai"]
[Result "1-0"]
[Termination "normal"]
[Board "21"]
[WhiteElo "1392"]
[BlackElo "1657"]
[PlyCount "49"]
[WhiteFideId "16235711"]
[BlackFideId "16236939"]
[EventCountry "GER"]
[EventRounds "9"]
[EventType "swiss"]
[EventDate "2019.06.08"]

1. e4 e5 2. Nf3 Nc6 3. Bc4 Bc5 4. c3 Nf6 5. d4 exd4 6. cxd4 Bb4+ 7. Bd2 Bxd2+
8. Nbxd2 O-O 9. d5 Ne7 10. O-O d6 11. h3 Ng6 12. Re1 Re8 13. Qc2 c6 14. dxc6
bxc6 15. Bb3 Bb7 16. Nf1 Rc8 17. Ng3 Qc7 18. Rac1 h6 19. Nd4 Nd7 20. Ndf5 Nde5
21. Qd2 Qb6 22. Kh1 Nf8 23. f4 Neg6 24. Nxd6 Rcd8 25. Bxf7+ 1-0

[Event "DEM U12 2019"]
[Site "Willingen GER"]
[Date "2019.06.09"]
[Round "2"]
[White "Bolz, Jannis"]
[Black "Andrade, Ruben"]
[Result "1-0"]
[Termination "normal"]
[Board "22"]
[WhiteElo "1618"]
[BlackElo "1480"]
[PlyCount "119"]
[WhiteFideId "16214897"]
[BlackFideId "16246829"]
[EventCountry "GER"]
[EventRounds "9"]
[EventType "swiss"]
[EventDate "2019.06.08"]

1. e4 d5 2. exd5 Qxd5 3. Nc3 Qd6 4. d4 c6 5. Bc4 Nf6 6. Nf3 Bg4 7. O-O Bxf3 8.
Qxf3 Qxd4 9. Bb3 e6 10. Qg3 Qd8 11. Re1 Nbd7 12. Be3 Qa5 13. Bc4 Nb6 14. Bxb6
Qxb6 15. Rad1 g6 16. Qe5 Bg7 17. Bxe6 fxe6 18. Qxe6+ Kf8 19. Qd6+ Kg8 20. Re7
c5 21. Qf4 Rd8 22. Qc4+ Nd5 23. Nxd5 Kf8 24. Qf4+ Qf6 25. Qc7 Rxd5 26. Rxd5
Qxe7 27. Rd8+ Kf7 28. Rd7 Qxd7 29. Qxd7+ Kf6 30. g3 Rf8 31. Qxb7 Rf7 32. Qc6+
Kg5 33. Qxc5+ Kh6 34. Qe3+ g5 35. h4 Bf6 36. Qe6 Kg7 37. hxg5 Bxg5 38. Qg4 Kh6
39. c4 Re7 40. c5 Re1+ 41. Kg2 a5 42. c6 Rc1 43. Qe6+ Kg7 44. Qd7+ Kg6 45. c7
Bf6 46. c8=Q Rxc8 47. Qxc8 h6 48. Qe8+ Kg7 49. b3 Kh7 50. Qa8 a4 51. Qxa4 Kg7
52. b4 Kh8 53. b5 Kg7 54. b6 Kh7 55. Qd7+ Kg6 56. b7 Be5 57. Qe6+ Kh7 58. Qxe5
h5 59. b8=R h4 60. Qe7+ 1-0

[Event "DEM U12 2019"]
[Site "Willingen GER"]
[Date "2019.06.09"]
[Round "2"]
[White "Kageler, Anton Paul"]
[Black "Wessel, Daniel"]
[Result "1/2-1/2"]
[Termination "normal"]
[Board "23"]
[WhiteElo "1563"]
[BlackElo "1501"]
[PlyCount "93"]
[WhiteFideId "16244850"]
[BlackFideId "16244982"]
[EventCountry "GER"]
[EventRounds "9"]
[EventType "swiss"]
[EventDate "2019.06.08"]

1. e4 e6 2. d4 d5 3. Nd2 c5 4. c3 Nc6 5. Ne2 Bd7 6. e5 Rc8 7. Nf3 Be7 8. Ng3
cxd4 9. cxd4 Nb4 10. Bd3 Qa5 11. O-O Nxd3 12. Qxd3 Bb5 13. Qb3 Bxf1 14. Nxf1
Qb4 15. Qe3 Qb6 16. N1d2 Bd8 17. Nb3 Ne7 18. Nc5 Rc7 19. Nd2 Nf5 20. Qd3 Nxd4
21. Qxd4 Qxc5 22. Qa4+ Qc6 23. Qxa7 Qc2 24. Qe3 h6 25. h3 O-O 26. Nb3 Qd1+ 27.
Kh2 Bg5 28. f4 Bd8 29. Qg3 f5 30. Be3 Qc2 31. Qg6 Qc6 32. Nd4 Qe8 33. Qxe6+
Qxe6 34. Nxe6 Rc2 35. Nxf8 Kxf8 36. Rd1 Rxb2 37. Rxd5 Ke8 38. Rd2 Rxd2 39. Bxd2
Ke7 40. Kg3 g5 41. Kf3 Kf7 42. g3 Ke6 43. Ke2 Bc7 44. Kd3 Kd5 45. Bb4 h5 46. h4
b5 47. Bd2 1/2-1/2

[Event "DEM U12 2019"]
[Site "Willingen GER"]
[Date "2019.06.09"]
[Round "2"]
[White "Hagenbeck-Hübert, Jan"]
[Black "Krömer, Emanuel"]
[Result "1/2-1/2"]
[Termination "normal"]
[Board "25"]
[WhiteElo "1574"]
[BlackElo "1466"]
[PlyCount "77"]
[WhiteFideId "16259505"]
[BlackFideId "16287070"]
[EventCountry "GER"]
[EventRounds "9"]
[EventType "swiss"]
[EventDate "2019.06.08"]

1. d4 d5 2. c4 Nc6 3. Nc3 Nf6 4. Bf4 a6 5. e3 Bf5 6. cxd5 Nxd5 7. Nxd5 Qxd5 8.
Bxc7 Nb4 9. Qa4+ Nc6 10. a3 b5 11. Qd1 Rc8 12. Bf4 e6 13. Nf3 Be7 14. Bd3 g5
15. Bg3 h5 16. h3 h4 17. Bh2 Na5 18. O-O g4 19. hxg4 Bxg4 20. e4 Qh5 21. Be2 h3
22. g3 Rd8 23. Re1 Rg8 24. Rc1 Nc4 25. Rc2 Bc5 26. b3 Bxd4 27. Nxd4 Rxd4 28.
Qxd4 Bxe2 29. f4 Qf3 30. Rexe2 Rxg3+ 31. Bxg3 Qxg3+ 32. Kf1 Qf3+ 33. Kg1 Qg3+
34. Rg2 hxg2 35. Rxg2 Qe1+ 36. Kh2 Qh4+ 37. Kg1 Qe1+ 38. Kh2 Qh4+ 39. Kg1
1/2-1/2

[Event "DEM U12 2019"]
[Site "Willingen GER"]
[Date "2019.06.09"]
[Round "2"]
[White "Morczynski, Joachim"]
[Black "Honstein, Michael"]
[Result "0-1"]
[Termination "normal"]
[Board "26"]
[WhiteElo "1733"]
[BlackElo "1378"]
[PlyCount "54"]
[WhiteFideId "16209745"]
[BlackFideId "16287053"]
[EventCountry "GER"]
[EventRounds "9"]
[EventType "swiss"]
[EventDate "2019.06.08"]

1. e4 c5 2. Nf3 Nc6 3. Bb5 g6 4. c3 a6 5. Ba4 b5 6. Bc2 Bg7 7. O-O d6 8. d4
cxd4 9. cxd4 Bg4 10. Be3 Bxf3 11. gxf3 Nf6 12. a4 b4 13. Nd2 O-O 14. Nc4 Nd7
15. a5 Rb8 16. Ba4 Na7 17. Bxd7 Qxd7 18. Nb6 Qh3 19. Qe2 Nc8 20. d5 f5 21. Ra4
fxe4 22. fxe4 Rf3 23. Nc4 Qg4+ 24. Kh1 Qxe4 25. Kg1 Qg4+ 26. Kh1 Qe4 27. Kg1
Rf4 0-1

[Event "DEM U12 2019"]
[Site "Willingen GER"]
[Date "2019.06.09"]
[Round "2"]
[White "Werner, Florin"]
[Black "Gerdes, Jannes"]
[Result "0-1"]
[Termination "normal"]
[Board "27"]
[WhiteElo "1288"]
[BlackElo "1517"]
[PlyCount "50"]
[WhiteFideId "16250230"]
[BlackFideId "16254627"]
[EventCountry "GER"]
[EventRounds "9"]
[EventType "swiss"]
[EventDate "2019.06.08"]

1. e4 e5 2. Nf3 Nc6 3. Bc4 Bc5 4. c3 Nf6 5. d4 exd4 6. e5 d5 7. Bb5 Ne4 8. Nxd4
O-O 9. Nxc6 Bxf2+ 10. Kf1 bxc6 11. Bxc6 Ba6+ 12. Qe2 Bxe2+ 13. Kxe2 Qh4 14. Nd2
Nxd2 15. Kxd2 Qf4+ 16. Kd1 Qg4+ 17. Kd2 d4 18. Bf3 dxc3+ 19. bxc3 Qd7+ 20. Kc2
Qa4+ 21. Kd2 Rfd8+ 22. Ke2 Qc2+ 23. Kf1 Bb6 24. Be2 Rd1+ 25. Bxd1 Qf2# 0-1

[Event "DEM U12 2019"]
[Site "Willingen GER"]
[Date "2019.06.09"]
[Round "2"]
[White "Weyerer, Noah"]
[Black "Janssen, Joris Frederik"]
[Result "1-0"]
[Termination "normal"]
[Board "28"]
[WhiteElo "1320"]
[BlackElo "1274"]
[PlyCount "69"]
[WhiteFideId "16250664"]
[BlackFideId "16287061"]
[EventCountry "GER"]
[EventRounds "9"]
[EventType "swiss"]
[EventDate "2019.06.08"]

1. d4 Nf6 2. Bf4 d6 3. Nc3 g6 4. e4 Bg7 5. Qd2 O-O 6. O-O-O b6 7. Bh6 Bb7 8. f3
Nbd7 9. Bxg7 Kxg7 10. g4 c5 11. d5 a6 12. h4 h5 13. g5 Ne8 14. f4 b5 15. Bg2
Qb6 16. Bh3 Qc7 17. f5 Ne5 18. Rf1 Bc8 19. Nf3 Nc4 20. Qe2 Bd7 21. Nd2 Ne5 22.
fxg6 fxg6 23. Rxf8 Kxf8 24. Rf1+ Kg7 25. Qf2 Kh7 26. Qf8 Ng7 27. Qxa8 Ne8 28.
Bxd7 Qxd7 29. Rf8 e6 30. Qxe8 Qxe8 31. Rxe8 exd5 32. Nxd5 a5 33. Nf6+ Kg7 34.
Rxe5 dxe5 35. Nb3 1-0

[Event "DEM U12 2019"]
[Site "Willingen GER"]
[Date "2019.06.09"]
[Round "2"]
[White "Langen, Sebastian"]
[Black "Brunner, Alexander"]
[Result "0-1"]
[Termination "normal"]
[Board "29"]
[WhiteElo "1167"]
[BlackElo "1539"]
[PlyCount "50"]
[WhiteFideId "16287088"]
[BlackFideId "12965278"]
[EventCountry "GER"]
[EventRounds "9"]
[EventType "swiss"]
[EventDate "2019.06.08"]

1. e4 d5 2. exd5 Qxd5 3. Nc3 Qa5 4. Bc4 Nf6 5. d3 Bg4 6. f3 Bh5 7. Qe2 Nc6 8.
Bd2 O-O-O 9. Qe3 Nd4 10. O-O-O e5 11. Nge2 Bc5 12. Qxe5 Rhe8 13. Qg5 Rxe2 14.
Nxe2 Nxe2+ 15. Kb1 Qb6 16. Qf5+ Kb8 17. c3 h6 18. Rhe1 Bg6 19. Qh3 Ng1 20. Qg3
Bf2 21. Qe5 Bxe1 22. Rxe1 Qc6 23. Rxg1 Qxc4 24. Qe1 Qxd3+ 25. Kc1 Qc2# 0-1